<?xml version="1.0" encoding="UTF-8"?>
<record
    xmlns:xsi="http://www.w3.org/2001/XMLSchema-instance"
    xsi:schemaLocation="http://www.loc.gov/MARC21/slim http://www.loc.gov/standards/marcxml/schema/MARC21slim.xsd"
    xmlns="http://www.loc.gov/MARC21/slim">

  <leader>02557nam a22002057a 4500</leader>
  <controlfield tag="008">250618b        |||||||| |||| 00| 0 eng d</controlfield>
  <datafield tag="020" ind1=" " ind2=" ">
    <subfield code="a">9781663260574</subfield>
  </datafield>
  <datafield tag="040" ind1=" " ind2=" ">
    <subfield code="c">tbs</subfield>
  </datafield>
  <datafield tag="041" ind1=" " ind2=" ">
    <subfield code="a">eng</subfield>
    <subfield code="a">chi</subfield>
    <subfield code="a">jpn</subfield>
    <subfield code="a">kor</subfield>
  </datafield>
  <datafield tag="100" ind1=" " ind2=" ">
    <subfield code="a">Lee, Yong S.</subfield>
    <subfield code="9">25509</subfield>
    <subfield code="e">author</subfield>
  </datafield>
  <datafield tag="245" ind1=" " ind2=" ">
    <subfield code="a">Achieving true fluency in English</subfield>
    <subfield code="b">: by mastering figures of speech : idioms, metaphors and phrasal verbs</subfield>
    <subfield code="c">/ Yong S. Lee.</subfield>
  </datafield>
  <datafield tag="260" ind1=" " ind2=" ">
    <subfield code="a">Bloomington, IN :</subfield>
    <subfield code="b">iUniverse</subfield>
    <subfield code="c">2024.</subfield>
  </datafield>
  <datafield tag="300" ind1=" " ind2=" ">
    <subfield code="a">235 pages :</subfield>
    <subfield code="b">illustrations, portraits (black and white) ;</subfield>
    <subfield code="c">23 cm.</subfield>
  </datafield>
  <datafield tag="520" ind1=" " ind2=" ">
    <subfield code="a">This comprehensive guide is tailored for non-native English speakers, particularly those from Korea, Japan, and China. It aims to facilitate true linguistic proficiency by demystifying the complex idioms, metaphors, and non-literal phrasal verbs that often pose obstacles in various contexts&#x2014;from daily social interactions to high-stakes business negotiations and diplomatic engagements. The book curates a collection of 250 expressive figures of speech, each elucidated with their etymologies, illustrative images, and applications, drawing on the wisdom of &#x201C;&#x201D; (seeing once is better than hearing a hundred times). From a broader perspective, understanding these &#x2018;figures of speech&#x2019; offers significant advantages. It enables readers to comprehend subtle messages and avoid embarrassing miscommunications. For speakers, using these expressions correctly means conveying complex ideas and emotions vividly and succinctly, enhancing storytelling with imagination and engagement. Additionally, adept use of these expressions can foster a deeper emotional and cultural connection with an audience. Readers will find that this handbook does more than enhance their basic English communication skills; it delves into the nuances of everyday dialogue, equips them to navigate socially delicate situations, and empowers them to be compelling in business and diplomatic discourse. Moreover, a familiarity with common figures of speech allows for a richer enjoyment of English-language media, literature, and pop culture. To make this resource widely accessible, especially to speakers of Korean, Chinese, and Japanese&#x2014;who share a linguistic heritage&#x2014;all entries are meticulously translated into these languages, ensuring a seamless learning experience.</subfield>
  </datafield>
  <datafield tag="650" ind1=" " ind2="0">
    <subfield code="a">English language</subfield>
    <subfield code="x">Self-instruction</subfield>
    <subfield code="9">25365</subfield>
  </datafield>
  <datafield tag="650" ind1=" " ind2="0">
    <subfield code="a">English language </subfield>
    <subfield code="x">Study and teaching</subfield>
    <subfield code="x">Foreign speakers</subfield>
    <subfield code="9">11690</subfield>
  </datafield>
  <datafield tag="650" ind1=" " ind2="0">
    <subfield code="a">English language</subfield>
    <subfield code="x">Conversation and phrase books</subfield>
    <subfield code="9">25510</subfield>
  </datafield>
  <datafield tag="655" ind1=" " ind2="0">
    <subfield code="a">Self-instructional works</subfield>
    <subfield code="9">25331</subfield>
  </datafield>
  <datafield tag="942" ind1=" " ind2=" ">
    <subfield code="2">lcc</subfield>
  </datafield>
  <datafield tag="952" ind1=" " ind2=" ">
    <subfield code="0">0</subfield>
    <subfield code="1">0</subfield>
    <subfield code="2">lcc</subfield>
    <subfield code="4">0</subfield>
    <subfield code="7">0</subfield>
    <subfield code="a">TBS</subfield>
    <subfield code="b">TBS</subfield>
    <subfield code="d">2025-06-18</subfield>
    <subfield code="l">1</subfield>
    <subfield code="o">P-EN LEARN LEE</subfield>
    <subfield code="p">B05761</subfield>
    <subfield code="r">2025-11-20</subfield>
    <subfield code="s">2025-11-05</subfield>
    <subfield code="t">1</subfield>
    <subfield code="w">2025-06-18</subfield>
    <subfield code="y">ENGLISH</subfield>
  </datafield>
  <datafield tag="999" ind1=" " ind2=" ">
    <subfield code="c">4766</subfield>
    <subfield code="d">4766</subfield>
  </datafield>
</record>
